[Event "Chigorin Memorial 09th"]
[Site "St Petersburg"]
[Date "2001.10.31"]
[Round "6"]
[White "Krivonogov, Alexander"]
[Black "Kosteniuk, Alexandra"]
[Result "1/2-1/2"]
[WhiteElo "2337"]
[BlackElo "2455"]
[PlyCount "85"]
[EventDate "2001.10.26"]
[EventType "swiss"]
[EventRounds "9"]
[EventCountry "RUS"]
[SourceTitle "EXT 2002"]
[Source "ChessBase"]
[SourceDate "2001.11.25"]
[SourceVersion "1"]
[SourceVersionDate "2001.11.25"]
[SourceQuality "1"]

1. d4 d5 2. Nf3 c6 3. g3 Nf6 4. Bg2 Bg4 5. O-O e6 6. Nbd2 Be7 7. Re1 O-O 8. e4
Nbd7 9. c3 Qb6 10. Qb3 Rfd8 11. Qxb6 axb6 12. h3 Bh5 13. exd5 Nxd5 14. Nc4 b5
15. Nce5 Nxe5 16. Nxe5 f6 17. Nd3 Bf7 18. a3 b4 19. Nf4 Nxf4 20. gxf4 bxc3 21.
bxc3 Ra5 22. a4 Bd6 23. Be3 Rda8 24. Reb1 Rb8 25. Rb2 Bg6 26. c4 Bd3 27. d5
exd5 28. cxd5 c5 29. Rb6 Bc7 30. Rb2 Bd6 31. Rb6 Bc7 32. Rb2 c4 33. Bd2 Ra6 34.
d6 Rxd6 35. Rxb7 Rxb7 36. Bxb7 Bf5 37. Bb4 Rd3 38. Rc1 Be6 39. Re1 Rb3 40. Rxe6
Rxb4 41. Bd5 Kf8 42. Rc6 Bxf4 43. Rxc4 1/2-1/2

[Event "Chigorin Memorial 09th"]
[Site "St Petersburg"]
[Date "2001.10.01"]
[Round "7"]
[White "Kosteniuk, Alexandra"]
[Black "Lukashok, Alexandr Nikolaevic"]
[Result "0-1"]
[WhiteElo "2455"]
[BlackElo "2304"]
[PlyCount "132"]
[EventDate "2001.10.26"]
[EventType "swiss"]
[EventRounds "9"]
[EventCountry "RUS"]
[SourceTitle "EXT 2002"]
[Source "ChessBase"]
[SourceDate "2001.11.25"]
[SourceVersion "1"]
[SourceVersionDate "2001.11.25"]
[SourceQuality "1"]

1. e4 c5 2. Nf3 Nc6 3. d4 cxd4 4. Nxd4 Nf6 5. Nc3 d6 6. Bg5 Bd7 7. Qd2 Nxd4 8.
Qxd4 h6 9. Bh4 g5 10. Bg3 Bg7 11. Qd1 Qb6 12. Rb1 Rc8 13. Be2 Bc6 14. f3 Nh5
15. Bf2 Qb4 16. O-O Nf4 17. a3 Qa5 18. b4 Qe5 19. Rb3 Bd7 20. Nd5 Ba4 21. Re3
O-O 22. Bd3 Nxd3 23. Qxd3 Rxc2 24. Bg3 Qd4 25. Rd1 Qb2 26. Nxe7+ Kh8 27. Rde1
Bd4 28. Nf5 Rxg2+ 29. Kh1 Rd2 30. Qf1 Bxe3 31. Nxe3 Qf6 32. Nf5 Rc8 33. Nxd6
Rf8 34. b5 Kh7 35. Nf5 Rfd8 36. Qc4 Bd1 37. Re3 Rc2 38. Qf1 Qa1 39. Re1 Rc1 40.
Kg1 Qxa3 41. Qh3 Qf8 42. Bf2 Rc3 43. Nd4 Rd3 44. Ne2 Bxe2 45. Qf5+ Kg8 46. Rxe2
Qa3 47. Kg2 Rd1 48. Rc2 Qd3 49. Rc7 Qb3 50. Rxb7 R1d2 51. Kg3 Qc4 52. Qf6 R2d6
53. Qe7 Qe6 54. Qxe6 Rxe6 55. Bxa7 Rf6 56. Be3 Rd3 57. Kf2 Rb3 58. Rb8+ Kh7 59.
b6 Rc6 60. Bd4 Rc2+ 61. Kg3 Rd2 62. Rd8 Rdd3 63. Kg2 Kg6 64. Rd6+ Kh5 65. Rd5
f5 66. exf5 Rxb6 0-1

[Event "Chigorin Memorial 09th"]
[Site "St Petersburg"]
[Date "2001.10.02"]
[Round "8"]
[White "Isajevsky, Anton"]
[Black "Kosteniuk, Alexandra"]
[Result "1/2-1/2"]
[WhiteElo "2333"]
[BlackElo "2455"]
[PlyCount "69"]
[EventDate "2001.10.26"]
[EventType "swiss"]
[EventRounds "9"]
[EventCountry "RUS"]
[SourceTitle "EXT 2002"]
[Source "ChessBase"]
[SourceDate "2001.11.25"]
[SourceVersion "1"]
[SourceVersionDate "2001.11.25"]
[SourceQuality "1"]

1. Nf3 d5 2. e3 Nf6 3. c4 c6 4. Nc3 e6 5. b3 Nbd7 6. Bb2 Bd6 7. Qc2 O-O 8. Be2
a6 9. d3 e5 10. a3 Re8 11. b4 Nf8 12. c5 Bc7 13. d4 e4 14. Ne5 Bf5 15. h3 Bxe5
16. dxe5 N6d7 17. f4 exf3 18. Qxf5 fxe2 19. Nxe2 Ng6 20. O-O Ndxe5 21. Bd4 Qe7
22. Ng3 Nc4 23. Qf2 f6 24. Ra2 Qd7 25. Nf5 Re6 26. h4 Nge5 27. h5 Rf8 28. Qg3
Kh8 29. h6 gxh6 30. Nxh6 Qe8 31. Raf2 Qh5 32. Rxf6 Rexf6 33. Rxf6 Qd1+ 34. Kh2
Qh5+ 35. Kg1 1/2-1/2

[Event "Chigorin Memorial 09th"]
[Site "St Petersburg"]
[Date "2001.10.03"]
[Round "9"]
[White "Kosteniuk, Alexandra"]
[Black "Zimina, Olga"]
[Result "0-1"]
[WhiteElo "2455"]
[BlackElo "2326"]
[PlyCount "130"]
[EventDate "2001.10.26"]
[EventType "swiss"]
[EventRounds "9"]
[EventCountry "RUS"]
[SourceTitle "EXT 2002"]
[Source "ChessBase"]
[SourceDate "2001.11.25"]
[SourceVersion "1"]
[SourceVersionDate "2001.11.25"]
[SourceQuality "1"]

1. e4 c6 2. d4 d5 3. e5 Bf5 4. Nf3 e6 5. Be2 Nd7 6. O-O h6 7. b3 Ne7 8. h3 Bg6
9. c4 Nf5 10. Na3 Be7 11. Nc2 O-O 12. Bd3 Rc8 13. Re1 Re8 14. Qd2 Nf8 15. Bb2
Nh7 16. Ne3 Ng5 17. Nh2 Nh4 18. c5 Be4 19. Bf1 Bg6 20. Qe2 Ne4 21. g3 Nf5 22.
Ng2 Qa5 23. Nf4 b6 24. Nxg6 fxg6 25. Bg2 Ng5 26. cxb6 axb6 27. h4 Nf7 28. h5
gxh5 29. Qxh5 Qd2 30. Re2 Qg5 31. Qh3 Qg6 32. Nf3 Ng5 33. Nxg5 Qxg5 34. Bf3 Bf8
35. Bg4 g6 36. Bc1 Qe7 37. Bxf5 exf5 38. g4 fxg4 39. Qxg4 Qe6 40. Qh4 Rc7 41.
Be3 Rf7 42. Kg2 Qf5 43. Rg1 c5 44. Kh2 Bg7 45. Qg4 Kh7 46. Qxf5 Rxf5 47. Rge1
Bxe5+ 48. dxe5 Rfxe5 49. Rd2 d4 50. Rf1 dxe3 51. fxe3 h5 52. Rf6 R8e6 53. Rxe6
Rxe6 54. Rd3 g5 55. Kg3 Kg6 56. Kf3 g4+ 57. Kg3 Kf5 58. Kh4 Ke4 59. Rd1 Re5 60.
Rd6 b5 61. a4 bxa4 62. bxa4 Kxe3 63. Rc6 Kd4 64. a5 c4 65. Rd6+ Kc3 0-1

[Event "Geller Memorial op"]
[Site "Moscow"]
[Date "2001.??.??"]
[Round "1"]
[White "Lobzhanidze, Nikoloz"]
[Black "Kosteniuk, Alexandra"]
[Result "0-1"]
[WhiteElo "2091"]
[BlackElo "2402"]
[PlyCount "65"]
[EventDate "2001.10.26"]
[EventType "swiss"]
[EventRounds "9"]
[EventCountry "RUS"]
[SourceTitle "EXT 2002"]
[Source "ChessBase"]
[SourceDate "2001.11.25"]
[SourceVersion "1"]
[SourceVersionDate "2001.11.25"]
[SourceQuality "1"]

1. e4 c5 2. Nf3 Nc6 3. d4 cxd4 4. Nxd4 Nf6 5. Nc3 d6 6. Bg5 e6 7. Qd2 a6 8.
O-O-O h6 9. Be3 Qc7 10. f3 Rb8 11. g4 Ne5 12. h4 b5 13. Bd3 Nfd7 14. Qf2 Nxd3+
15. Rxd3 Ne5 16. Rdd1 Nc4 17. Rh2 b4 18. Nb1 a5 19. Nd2 a4 20. Nxc4 Qxc4 21.
Kb1 e5 22. b3 Qa6 23. Ne2 Be6 24. Nc1 Be7 25. Qd2 O-O 26. h5 f6 27. Rg2 Rfd8
28. Bxh6 d5 29. Bxg7 dxe4 30. Qh6 Rxd1 31. Bxf6 Bxf6 32. Qxf6 Rxc1+ 33. Kxc1
0-1

[Event "Geller Memorial op"]
[Site "Moscow"]
[Date "2001.??.??"]
[Round "2"]
[White "Kosteniuk, Alexandra"]
[Black "Yandemirov, Valeri"]
[Result "1/2-1/2"]
[WhiteElo "2402"]
[BlackElo "2494"]
[PlyCount "90"]
[EventDate "2001.10.26"]
[EventType "swiss"]
[EventRounds "9"]
[EventCountry "RUS"]
[SourceTitle "EXT 2002"]
[Source "ChessBase"]
[SourceDate "2001.11.25"]
[SourceVersion "1"]
[SourceVersionDate "2001.11.25"]
[SourceQuality "1"]

1. e4 e5 2. Nf3 Nc6 3. Bb5 a6 4. Ba4 d6 5. c3 f5 6. exf5 Bxf5 7. d4 e4 8. Ng5
d5 9. f3 h6 10. fxe4 hxg5 11. exf5 Bd6 12. Qf3 g4 13. Qxg4 Nf6 14. Bxc6+ bxc6
15. Qg6+ Kf8 16. Kd1 Ne4 17. Rf1 Qh4 18. f6 gxf6 19. Nd2 Rg8 20. Nf3 Qh8 21.
Qh6+ Ke7 22. g3 Qxh6 23. Bxh6 Rg4 24. Kc2 Rh8 25. Be3 f5 26. Rae1 f4 27. gxf4
Bxf4 28. Bxf4 Rxf4 29. Nd2 Rxf1 30. Nxf1 Kd6 31. Re2 Rh3 32. Nd2 Nxd2 33. Kxd2
c5 34. dxc5+ Kxc5 35. Ke1 Kc4 36. Kd2 c5 37. b3+ Kb5 38. a4+ Kc6 39. b4 cxb4
40. cxb4 Rb3 41. Re6+ Kc7 42. Rxa6 Rxb4 43. Ra7+ Kb6 44. Ra8 Rh4 45. Kd3 Rxh2
1/2-1/2

[Event "Geller Memorial op"]
[Site "Moscow"]
[Date "2001.??.??"]
[Round "3"]
[White "Timofeev, Artyom"]
[Black "Kosteniuk, Alexandra"]
[Result "1-0"]
[WhiteElo "2496"]
[BlackElo "2402"]
[PlyCount "115"]
[EventDate "2001.10.26"]
[EventType "swiss"]
[EventRounds "9"]
[EventCountry "RUS"]
[SourceTitle "EXT 2002"]
[Source "ChessBase"]
[SourceDate "2001.11.25"]
[SourceVersion "1"]
[SourceVersionDate "2001.11.25"]
[SourceQuality "1"]

1. g3 d5 2. Bg2 Nf6 3. d3 c6 4. Nd2 e5 5. Ngf3 Bd6 6. O-O O-O 7. e4 Bg4 8. h3
Bh5 9. c3 Nbd7 10. Qc2 Qc7 11. Nh4 Rfd8 12. Re1 dxe4 13. dxe4 Bf8 14. Nf1 Ne8
15. Bg5 f6 16. Be3 Nc5 17. Bf3 Bf7 18. Nf5 a5 19. b3 Be6 20. h4 Qf7 21. Nh2 a4
22. b4 Nd7 23. Red1 b5 24. Be2 Rac8 25. Nf3 Nb8 26. Nd2 Rd7 27. a3 Rb7 28. Rab1
Na6 29. c4 h5 30. Rdc1 Kh7 31. f4 exf4 32. Bxf4 c5 33. e5 g6 34. Ne3 cxb4 35.
axb4 Nxb4 36. Rxb4 Bxb4 37. Ne4 Kg8 38. exf6 Bc5 39. Rf1 Bxe3+ 40. Bxe3 Bf5 41.
Rxf5 gxf5 42. Nc5 Nd6 43. Nxb7 Qxb7 44. Bxh5 Qe4 45. Qd2 Nxc4 46. f7+ Kh7 47.
f8=Q Rxf8 48. Qd7+ Kg8 49. Bd4 Qe1+ 50. Kh2 Qd2+ 51. Kh3 Qh6 52. Bf3 Ne3 53.
Qxb5 f4 54. g4 Rd8 55. Bc3 Nxg4 56. Qc4+ Kf8 57. Bb4+ Ke8 58. Bc6+ 1-0

[Event "Geller Memorial op"]
[Site "Moscow"]
[Date "2001.??.??"]
[Round "9"]
[White "Chernyshov, Konstantin"]
[Black "Kosteniuk, Alexandra"]
[Result "1-0"]
[WhiteElo "2521"]
[BlackElo "2402"]
[PlyCount "75"]
[EventDate "2001.10.26"]
[EventType "swiss"]
[EventRounds "9"]
[EventCountry "RUS"]
[SourceTitle "EXT 2002"]
[Source "ChessBase"]
[SourceDate "2001.11.25"]
[SourceVersion "1"]
[SourceVersionDate "2001.11.25"]
[SourceQuality "1"]

1. d4 d5 2. Nc3 Nf6 3. Bg5 Bf5 4. Bxf6 exf6 5. e3 c6 6. Bd3 Qd7 7. Bxf5 Qxf5 8.
Nge2 Bd6 9. Ng3 Qe6 10. Qf3 g6 11. O-O f5 12. Nce2 Nd7 13. Nf4 Qe7 14. b3 h5
15. c4 h4 16. Nge2 dxc4 17. bxc4 Nf6 18. c5 Bc7 19. Nc3 Ne4 20. Rfc1 O-O-O 21.
Nh3 Nf6 22. Rab1 Ng4 23. d5 cxd5 24. Nxd5 Bxh2+ 25. Kh1 Qe4 26. Nc3 Qe7 27. Nb5
Kb8 28. c6 Rc8 29. c7+ Ka8 30. Rc4 a6 31. Ra4 Bxc7 32. Rxa6+ Kb8 33. Nd4 Bd8
34. Qd5 Rc5 35. Nc6+ Rxc6 36. Rxc6 Ka7 37. Qd4+ Kb8 38. Qxh8 1-0

[Event "EU-ch rapid (Women)"]
[Site "Minsk"]
[Date "2001.??.??"]
[Round "1"]
[White "Melamed, Tatiana"]
[Black "Kosteniuk, Alexandra"]
[Result "0-1"]
[WhiteElo "2265"]
[BlackElo "2445"]
[PlyCount "136"]
[EventDate "2001.11.??"]
[EventType "swiss (rapid)"]
[EventRounds "11"]
[EventCountry "BLR"]
[SourceTitle "EXT 2003"]
[Source "ChessBase"]
[SourceDate "2002.11.25"]
[SourceVersion "1"]
[SourceVersionDate "2002.11.25"]
[SourceQuality "1"]

1. e4 c5 2. Nf3 Nc6 3. Bb5 g6 4. Bxc6 bxc6 5. O-O Bg7 6. Re1 Nh6 7. c3 O-O 8.
d4 cxd4 9. cxd4 f6 10. Nc3 Nf7 11. Be3 d6 12. h3 Qa5 13. Qd2 Bd7 14. Rac1 Rfd8
15. Red1 Rab8 16. b3 Qh5 17. Ne2 g5 18. Ng3 Qg6 19. Nf5 Bf8 20. Qc2 h5 21. h4
d5 22. hxg5 fxg5 23. Ne5 Nxe5 24. dxe5 a5 25. Bc5 Kf7 26. Qe2 dxe4 27. Ng3 Bg4
28. Qc4+ Be6 29. Qxe4 Qxe4 30. Nxe4 Bh6 31. Be3 Rxd1+ 32. Rxd1 Kg6 33. Nc5 Bd5
34. Bd2 Rb5 35. Rc1 Bg7 36. a4 Rb8 37. Bxa5 Kf5 38. Bd2 Bxe5 39. Nd7 Rxb3 40.
Nxe5 Kxe5 41. Bxg5 Kd6 42. a5 Ra3 43. Bd2 c5 44. Bc3 e6 45. Kf1 Ra2 46. Ra1 Rc2
47. Be1 Bc4+ 48. Kg1 Ba6 49. Rb1 Kd5 50. f3 Ra2 51. Rb6 Bd3 52. Bc3 Kc4 53. Be1
Re2 54. Bg3 Ra2 55. Be1 Kd5 56. Kh2 e5 57. Bc3 Bf1 58. Rb2 Ra3 59. Bd2 c4 60.
Bb4 Ra4 61. Kg3 Bd3 62. Kh4 Kd4 63. Be1 c3 64. Rb8 Ke3+ 65. Kg3 c2 66. Rc8 Rc4
67. Re8 e4 68. Bf2+ Ke2 0-1

[Event "EU-ch rapid (Women)"]
[Site "Minsk"]
[Date "2001.??.??"]
[Round "2"]
[White "Kosteniuk, Alexandra"]
[Black "Dorofeeva, Anna"]
[Result "0-1"]
[WhiteElo "2445"]
[BlackElo "2320"]
[PlyCount "84"]
[EventDate "2001.11.??"]
[EventType "swiss (rapid)"]
[EventRounds "11"]
[EventCountry "BLR"]
[SourceTitle "EXT 2003"]
[Source "ChessBase"]
[SourceDate "2002.11.25"]
[SourceVersion "1"]
[SourceVersionDate "2002.11.25"]
[SourceQuality "1"]

1. e4 c5 2. Nf3 e6 3. d4 cxd4 4. Nxd4 a6 5. c4 Nc6 6. Nc3 Qc7 7. Be2 Nf6 8. O-O
Nxd4 9. Qxd4 Bc5 10. Qd3 O-O 11. a3 Rd8 12. b4 Be7 13. Be3 d6 14. Rac1 Bd7 15.
f4 Be8 16. Qb1 Qb8 17. Bf3 Nd7 18. a4 a5 19. Rfd1 axb4 20. Qxb4 Nc5 21. Ra1 Bc6
22. a5 Ra6 23. Rd4 b6 24. Rb1 Qa8 25. axb6 Rb8 26. Rdd1 h6 27. h3 Raxb6 28.
Qxb6 Rxb6 29. Rxb6 Qa5 30. Rb8+ Kh7 31. Bd2 Qa7 32. Rdb1 Nxe4+ 33. Kh2 Nxd2 34.
Bxc6 Nxb1 35. Rxb1 Qe3 36. Rb3 Qxf4+ 37. Kh1 Bf6 38. Ne4 Qf1+ 39. Kh2 Be5+ 40.
Ng3 Qxc4 41. Rb6 Qc3 42. Bf3 Qe1 0-1

[Event "EU-ch rapid (Women)"]
[Site "Minsk"]
[Date "2001.??.??"]
[Round "4"]
[White "Kosteniuk, Alexandra"]
[Black "Sudakova, Irina"]
[Result "1-0"]
[WhiteElo "2445"]
[BlackElo "2319"]
[PlyCount "83"]
[EventDate "2001.11.??"]
[EventType "swiss (rapid)"]
[EventRounds "11"]
[EventCountry "BLR"]
[SourceTitle "EXT 2003"]
[Source "ChessBase"]
[SourceDate "2002.11.25"]
[SourceVersion "1"]
[SourceVersionDate "2002.11.25"]
[SourceQuality "1"]

1. e4 e5 2. Nf3 Nf6 3. Nxe5 d6 4. Nf3 Nxe4 5. d4 d5 6. Bd3 Nc6 7. O-O Be7 8. c4
Nf6 9. h3 Nb4 10. Be2 Bf5 11. Nc3 O-O 12. a3 Nc6 13. c5 Ne4 14. Qb3 b6 15. Nxd5
bxc5 16. Nxe7+ Qxe7 17. Bd3 Qf6 18. Qc2 Nxd4 19. Nxd4 Qxd4 20. Be3 Qd5 21. Rad1
Rad8 22. Bxc5 Qxc5 23. Qxc5 Nxc5 24. Bxf5 g6 25. Bc2 Ne6 26. Rfe1 Rxd1 27. Rxd1
Rb8 28. Rb1 c5 29. Kf1 Nd4 30. Bd3 Nb3 31. Rd1 Na5 32. Rd2 c4 33. Be4 Nb3 34.
Rd5 f5 35. Bf3 Rf8 36. Rd7 a5 37. Bd5+ Kh8 38. Bxc4 Nc5 39. Rd5 Ne4 40. f3 Rc8
41. b3 Nf6 42. Rxa5 1-0

[Event "EU-ch rapid (Women)"]
[Site "Minsk"]
[Date "2001.??.??"]
[Round "5"]
[White "Grabuzova, Tatiana"]
[Black "Kosteniuk, Alexandra"]
[Result "0-1"]
[WhiteElo "2399"]
[BlackElo "2445"]
[PlyCount "112"]
[EventDate "2001.11.??"]
[EventType "swiss (rapid)"]
[EventRounds "11"]
[EventCountry "BLR"]
[SourceTitle "EXT 2003"]
[Source "ChessBase"]
[SourceDate "2002.11.25"]
[SourceVersion "1"]
[SourceVersionDate "2002.11.25"]
[SourceQuality "1"]

1. b3 e5 2. Bb2 Nc6 3. e3 g6 4. Nf3 Bg7 5. d4 e4 6. Nfd2 f5 7. c4 d6 8. Nc3 Nf6
9. a3 O-O 10. Qc2 Ne7 11. Be2 Bd7 12. b4 Qe8 13. Nb3 h6 14. O-O-O Nc6 15. h3 a5
16. b5 a4 17. Nd2 Na5 18. Nxa4 d5 19. Nc5 dxc4 20. Bxc4+ Nxc4 21. Qxc4+ Kh7 22.
Nxd7 Qxd7 23. Nb3 b6 24. d5 Qe7 25. Nd4 Nd7 26. Qb4 Nc5 27. Ne6 Bxb2+ 28. Kxb2
Rfb8 29. Nxc5 bxc5 30. Qc4 Qf6+ 31. Kb3 f4 32. exf4 Qxf4 33. Rhe1 Qxf2 34. Rxe4
Rxa3+ 35. Kxa3 Ra8+ 36. Qa4 Rxa4+ 37. Rxa4 Qe3+ 38. Kb2 Qe2+ 39. Kc1 Qxb5 40.
Re4 h5 41. h4 Kh6 42. d6 cxd6 43. Rxd6 Qf1+ 44. Rd1 Qxg2 45. Re6 Qg3 46. Rdd6
Qxh4 47. Rxg6+ Kh7 48. Rh6+ Kg7 49. Rhg6+ Kf7 50. Rh6 Qg5+ 51. Kc2 Qf5+ 52. Kc3
h4 53. Rc6 Qf3+ 54. Kc4 h3 55. Rc7+ Kg8 56. Rc8+ Kg7 0-1

[Event "EU-ch rapid (Women)"]
[Site "Minsk"]
[Date "2001.??.??"]
[Round "6"]
[White "Kosteniuk, Alexandra"]
[Black "Ushenina, Anna"]
[Result "1-0"]
[WhiteElo "2445"]
[BlackElo "2297"]
[PlyCount "73"]
[EventDate "2001.11.??"]
[EventType "swiss (rapid)"]
[EventRounds "11"]
[EventCountry "BLR"]
[SourceTitle "EXT 2003"]
[Source "ChessBase"]
[SourceDate "2002.11.25"]
[SourceVersion "1"]
[SourceVersionDate "2002.11.25"]
[SourceQuality "1"]

1. e4 c6 2. d4 d5 3. e5 Bf5 4. Nf3 e6 5. Be2 Nd7 6. Be3 Ne7 7. O-O h6 8. b3 Bh7
9. c4 Nf5 10. Bc1 Be7 11. Bd3 O-O 12. Qc2 Bg6 13. Nbd2 Nh4 14. Bxg6 Nxg6 15.
Re1 dxc4 16. bxc4 Nb6 17. a4 c5 18. a5 Nd7 19. d5 exd5 20. cxd5 Ndxe5 21. Nxe5
Nxe5 22. Rxe5 Bf6 23. Nf3 Bxe5 24. Nxe5 Qxd5 25. Bb2 Rad8 26. h3 Rfe8 27. Qc3
f6 28. Ng4 Re6 29. Ne3 Qc6 30. Qb3 Kh8 31. Ra4 Red6 32. Rh4 Qc7 33. g3 Rd3 34.
Qe6 Qd6 35. Rxh6+ gxh6 36. Bxf6+ Kh7 37. Qf7# 1-0

[Event "EU-ch rapid (Women)"]
[Site "Minsk"]
[Date "2001.??.??"]
[Round "7"]
[White "Danielian, Elina"]
[Black "Kosteniuk, Alexandra"]
[Result "1-0"]
[WhiteElo "2395"]
[BlackElo "2445"]
[PlyCount "73"]
[EventDate "2001.11.??"]
[EventType "swiss (rapid)"]
[EventRounds "11"]
[EventCountry "BLR"]
[SourceTitle "EXT 2003"]
[Source "ChessBase"]
[SourceDate "2002.11.25"]
[SourceVersion "1"]
[SourceVersionDate "2002.11.25"]
[SourceQuality "1"]

1. Nf3 d5 2. g3 c6 3. Bg2 Nf6 4. O-O Bg4 5. b3 Nbd7 6. Bb2 e6 7. d3 Be7 8. Nbd2
O-O 9. h3 Bh5 10. Qe1 a5 11. a3 b5 12. e4 Qb6 13. Kh1 Rae8 14. g4 Bg6 15. Nh4
dxe4 16. dxe4 e5 17. Nf5 Bxf5 18. gxf5 Nh5 19. Nf3 Qc5 20. Qd1 Rd8 21. Nxe5
Nxe5 22. Qxh5 Rd2 23. b4 axb4 24. axb4 Qd6 25. Rad1 Rxd1 26. Rxd1 Qc7 27. Bc3
Nc4 28. Qg4 f6 29. Bf1 Bd6 30. Bxc4+ bxc4 31. Qe2 Kh8 32. Qxc4 Bf4 33. Qd3 Qa7
34. Bd4 Qf7 35. Bc5 Rg8 36. Qb3 Qh5 37. Qxg8+ 1-0

[Event "EU-ch rapid (Women)"]
[Site "Minsk"]
[Date "2001.??.??"]
[Round "8"]
[White "Kosteniuk, Alexandra"]
[Black "Kosintseva, Nadezhda"]
[Result "1-0"]
[WhiteElo "2445"]
[BlackElo "2327"]
[PlyCount "95"]
[EventDate "2001.11.??"]
[EventType "swiss (rapid)"]
[EventRounds "11"]
[EventCountry "BLR"]
[SourceTitle "EXT 2003"]
[Source "ChessBase"]
[SourceDate "2002.11.25"]
[SourceVersion "1"]
[SourceVersionDate "2002.11.25"]
[SourceQuality "1"]

1. e4 c5 2. Nf3 Nc6 3. d4 cxd4 4. Nxd4 g6 5. c4 Bg7 6. Be3 Nf6 7. Nc3 d6 8. Be2
O-O 9. O-O Bd7 10. Qd2 Nxd4 11. Bxd4 Bc6 12. Bd3 a5 13. Rac1 a4 14. Nd5 e6 15.
Bb6 Qd7 16. Nb4 Qe7 17. Bb1 Rfe8 18. f3 Nd7 19. Be3 Nc5 20. Bg5 Qc7 21. Rcd1
Qb6 22. Kh1 Rac8 23. Be3 Red8 24. Nd3 Qc7 25. Qf2 b6 26. b4 axb3 27. axb3 Rb8
28. b4 Na4 29. Bc2 Nc3 30. Ra1 b5 31. Ra7 Rb7 32. Rxb7 Qxb7 33. Qh4 Ra8 34. c5
dxc5 35. Nxc5 Qc7 36. Bh6 Bd4 37. Bb3 Qd6 38. Nd3 Qd8 39. Bg5 Qd6 40. e5 Bxe5
41. Nxe5 Qxe5 42. Bf6 Qe3 43. Bd4 Qd2 44. Qf6 Kf8 45. Bxc3 Qd3 46. Rd1 Qe2 47.
Qg7+ Ke8 48. Qh8+ 1-0

[Event "EU-ch rapid (Women)"]
[Site "Minsk"]
[Date "2001.??.??"]
[Round "9"]
[White "Kosteniuk, Alexandra"]
[Black "Turova, Irina"]
[Result "1-0"]
[WhiteElo "2445"]
[BlackElo "2334"]
[PlyCount "59"]
[EventDate "2001.11.??"]
[EventType "swiss (rapid)"]
[EventRounds "11"]
[EventCountry "BLR"]
[SourceTitle "EXT 2003"]
[Source "ChessBase"]
[SourceDate "2002.11.25"]
[SourceVersion "1"]
[SourceVersionDate "2002.11.25"]
[SourceQuality "1"]

1. e4 e6 2. d4 d5 3. Nd2 Nf6 4. e5 Nfd7 5. Bd3 c5 6. c3 Nc6 7. Ne2 cxd4 8. cxd4
f6 9. Nf4 Nxd4 10. Qh5+ Ke7 11. Ng6+ hxg6 12. exf6+ Nxf6 13. Qxh8 Kf7 14. O-O
e5 15. Nb3 Nf5 16. Bg5 Be6 17. Rac1 Rc8 18. Rxc8 Qxc8 19. Rc1 Qd7 20. Nc5 Bxc5
21. Rxc5 e4 22. Qb8 Ne7 23. Rc7 Qd6 24. Bf4 Qb4 25. Rxb7 Qe1+ 26. Bf1 Ng4 27.
Qxa7 Kf6 28. Rxe7 e3 29. Bxe3 Nxe3 30. Rxe6+ 1-0

[Event "EU-ch rapid (Women)"]
[Site "Minsk"]
[Date "2001.??.??"]
[Round "10"]
[White "Zatonskih, Anna"]
[Black "Kosteniuk, Alexandra"]
[Result "0-1"]
[WhiteElo "2427"]
[BlackElo "2445"]
[PlyCount "104"]
[EventDate "2001.11.??"]
[EventType "swiss (rapid)"]
[EventRounds "11"]
[EventCountry "BLR"]
[SourceTitle "EXT 2003"]
[Source "ChessBase"]
[SourceDate "2002.11.25"]
[SourceVersion "1"]
[SourceVersionDate "2002.11.25"]
[SourceQuality "1"]

1. e4 c5 2. g3 g6 3. Bg2 Bg7 4. d3 Nc6 5. f4 d6 6. Nf3 e6 7. O-O Nge7 8. c3 O-O
9. Be3 b6 10. Bf2 Ba6 11. a4 Qd7 12. Na3 Rad8 13. Re1 e5 14. d4 cxd4 15. cxd4
Nb4 16. Nb5 exf4 17. gxf4 Rc8 18. Re2 Bxb5 19. axb5 Qxb5 20. Rxa7 Nd3 21. Be3
Nc6 22. Ra1 Nxb2 23. Qf1 Nc4 24. Bf2 N6a5 25. Rb1 Qd7 26. Ng5 Rb8 27. e5 dxe5
28. fxe5 Qf5 29. Ne4 b5 30. Bh3 Qf3 31. Bg2 Qa3 32. Bh4 Ne3 33. Nf6+ Kh8 34.
Qf3 Nac4 35. Bg5 Nxg2 36. Qxg2 Qd3 37. Rbe1 Qxd4+ 38. Kh1 Qd3 39. Qg4 h5 40.
Qh4 Qf3+ 41. Kg1 Bxf6 42. Bxf6+ Kh7 43. Rg2 Ra8 44. Rg3 Qf5 45. Rf1 Qc2 46. Be7
Qd2 47. Bxf8 Rxf8 48. Qf6 Qd4+ 49. Kh1 Nxe5 50. Rgf3 Qd5 51. Qg5 Rd8 52. Qf6
Nxf3 0-1

[Event "World Women-ch k.o."]
[Site "Moscow"]
[Date "2001.11.29"]
[Round "2.1"]
[White "Kosteniuk, Alexandra"]
[Black "Hoang, Thanh Trang"]
[Result "1/2-1/2"]
[WhiteElo "2445"]
[BlackElo "2445"]
[PlyCount "86"]
[EventDate "2001.11.27"]
[EventType "k.o."]
[EventRounds "6"]
[EventCountry "RUS"]
[SourceTitle "CBM 085 Extra"]
[Source "ChessBase"]
[SourceDate "2002.01.21"]
[SourceVersion "1"]
[SourceVersionDate "2002.01.21"]
[SourceQuality "1"]

1. e4 e6 2. d4 d5 3. Nd2 Nf6 4. e5 Nfd7 5. Bd3 c5 6. c3 Nc6 7. Ne2 cxd4 8. cxd4
Qb6 9. Nf3 f6 10. exf6 Nxf6 11. O-O Bd6 12. Nc3 O-O 13. Be3 Kh8 14. Ng5 g6 15.
a3 Bd7 16. b4 Rae8 17. Rc1 Ne7 18. Nh3 Nh5 19. Qd2 Bb8 20. Be2 Ng7 21. Bf4 Bxf4
22. Nxf4 Ngf5 23. Rfd1 Nc6 24. g4 Nh4 25. Qe3 Qd8 26. b5 Na5 27. Qg3 Nc4 28.
Nd3 g5 29. Nc5 b6 30. Nxd7 Qxd7 31. Ne4 dxe4 32. Rxc4 Rf4 33. Qc3 Nf3+ 34. Kh1
Qg7 35. Rc8 Ref8 36. Rxf8+ Rxf8 37. Bxf3 Rxf3 38. Qc8+ Qg8 39. Qc7 Rxf2 40.
Qe5+ Qg7 41. Qxe4 Qc7 42. Qe5+ Qxe5 43. dxe5 Re2 1/2-1/2

[Event "World Women-ch k.o."]
[Site "Moscow"]
[Date "2001.12.01"]
[Round "3.1"]
[White "Kosteniuk, Alexandra"]
[Black "Galliamova, Alisa"]
[Result "1-0"]
[WhiteElo "2445"]
[BlackElo "2547"]
[PlyCount "173"]
[EventDate "2001.11.27"]
[EventType "k.o."]
[EventRounds "6"]
[EventCountry "RUS"]
[SourceTitle "CBM 085 Extra"]
[Source "ChessBase"]
[SourceDate "2002.01.21"]
[SourceVersion "1"]
[SourceVersionDate "2002.01.21"]
[SourceQuality "1"]

1. e4 c5 2. Nf3 Nc6 3. d4 cxd4 4. Nxd4 Nf6 5. Nc3 d6 6. Bg5 e6 7. Qd2 Be7 8.
O-O-O O-O 9. f4 Nxd4 10. Qxd4 Qa5 11. Bc4 Bd7 12. e5 dxe5 13. fxe5 Bc6 14. Bd2
Nd7 15. Nd5 Qd8 16. Nxe7+ Qxe7 17. Rhe1 Rfd8 18. Qg4 Nf8 19. Bd3 Rd5 20. Bb4
Qd8 21. Bd6 Ng6 22. c4 f5 23. Qg3 Rd4 24. Bc5 Rg4 25. Qe3 Qa5 26. Kb1 Rxg2 27.
Rg1 Rxh2 28. Bd6 Qb6 29. Qc1 Bf3 30. c5 Qc6 31. Rde1 Bd5 32. Qd1 Rd8 33. Be2
Rd7 34. Rg3 f4 35. Ra3 f3 36. Bxf3 Bxf3 37. Rxf3 Rd8 38. Qb3 Re8 39. Ref1 Qe4+
40. Ka1 h5 41. a3 Nxe5 42. Re3 Qc4 43. Rfe1 Rc2 44. Bxe5 Rc1+ 45. Ka2 Qxb3+ 46.
Kxb3 Rxc5 47. Rg1 Kh8 48. Rg5 Rb5+ 49. Kc4 a6 50. b4 Re7 51. Rxh5+ Kg8 52. Rg5
Rd5 53. Reg3 b5+ 54. Kc3 Rdd7 55. Bd4 Rf7 56. Rc5 Rf1 57. Be5 Kh7 58. Kb3 Rf5
59. Bc3 a5 60. Rg2 a4+ 61. Kc2 Rdf7 62. Re2 g5 63. Bd2 g4 64. Rxe6 g3 65. Rh6+
Kg7 66. Rcc6 Rf3 67. Rhg6+ Kf8 68. Rc3 Ke8 69. Rxg3 R3f5 70. Rgd3 Rb7 71. Rc5
Rf2 72. Rdd5 Rf3 73. Bc1 Rf2+ 74. Kb1 Rh7 75. Rxb5 Rh3 76. Rd2 Rxd2 77. Bxd2
Rxa3 78. Rd5 Ke7 79. Kb2 Rb3+ 80. Ka2 Rh3 81. Rc5 Kd7 82. Bc3 Rh6 83. Ka3 Ra6
84. b5 Ra8 85. Rc4 Rb8 86. Kxa4 Ra8+ 87. Ba5 1-0